000 00620nam a22002057a 4500
999 _c17090
_d17090
003 AR-CdUCM
008 190507b ||||| |||| 00| 0 spa d
040 _aMUNICIPALIDAD PROVINCIAL DEL CUSCO
_cBIBLIOTECA MUNICIPAL DEL CUSCO
082 _a848.9 / B2E3
100 _aBarbusse, Henri,
_926016
245 _aEl infierno :
_bnovela /
_cBlasco, IbaƱez
260 _aValencia :
_bPrometeo,
300 _a311 paginas ;
_c18 cm.
505 _aContenido : Novela
650 _aNovelas francesas
_9571
650 _aSiglo XIX.
_9971
650 _aNovela europea
_936923
942 _2ddc
_cLIBROS
945 _awnts
_d2019-05-7